00699nab a2200217 uc450000100070000000500170000700800410002403500110006503500210007604000130009704100080011010000280011824500620014665000350020865000230024365000180026665000200028465000270030465000310033177301190036283795820250226091927.0030815s1999 spa  a837958 a(OCoLC)820072435 ccomduadb aspa10aZeuch, Eva M.4auteaut13aLa comprension de la lectura : una breve revision teorica 7aComprensión de lectura2lemb aProceso de lectura 7aLectura2lemb aMetacognición aEstrategias de lectura 7aProcesos cognitivos2embne0 tNucleo : Revista de la Escuela de Idiomas Modernos (Venezuela)gNo. 16, 1999, p. 99-114w690160x0798-97840213736